000 00746nam a2200253Ia 4500
003 OSt
005 20220923222547.0
006 a|||||r|||| 00| 0
007 ta
008 220922b |||||||| |||| 00| 0 hin d
024 _a206,005
037 _cTextual
040 _aARTS
_cARTS
_bhin
041 _2hin
_ahin
082 _aP,3:4, 152M5
100 _aबोरा, राजमल
245 0 _aअर्थांनुशासन
246 _aArthāannushāsana
260 _aनई दिल्ली
_b वाणी प्रका0
_c1985
300 _a187पृ.
_ccm.
650 _aहिन्दी भाषा
942 _hP,3:4, 152M5
_cTEXL
_2CC
999 _c356684
_d356684